Paroles Santiano Hugues Aufray - Statistiques

Statistiques générales
  • Ce quiz a été pris 1 714 fois
  • Le résultat moyen est 145 sur 189
Statistiques - réponses
Réponse % Correct
San
97%
Santiano !
95%
un
95%
Un
95%
C'est
94%
fameux
94%
la
94%
le
93%
comme
92%
et
92%
d'y
91%
D'y
91%
Je
91%
je
91%
de
90%
oiseau
90%
fin
88%
trois-mâts
87%
bon
86%
Tiens
86%
tiens
86%
vent
86%
haut !
85%
à
84%
À
84%
être
84%
Francisco
84%
matelot
84%
suis
84%
tonneaux
84%
fier
83%
Hissez
83%
quatre cents
83%
jusqu'à
82%
Nous
82%
Dix-huit
80%
irons
80%
en
79%
En
79%
nœuds
79%
Margot
77%
les
75%
cœur
73%
gros
72%
laissant
72%
Malo
72%
Saint
72%
Si
72%
devant
71%
droit
71%
dieu
70%
pour
70%
toujours
70%
veut
70%
pars
69%
vague
69%
longs
66%
mois
66%
feux
64%
penser
64%
jour
63%
au
60%
Au
60%
flot
59%
l'anneau
59%
passerai
59%
son
59%
doigt
58%
J'en
58%
On
58%
des
57%
que
57%
reviendrai
56%
j'avais
55%
chargé
54%
cadeaux
53%
doublant
53%
coule
52%
j'irai
52%
là-bas
52%
l'argent
52%
lingots
51%
voir
51%
flots
50%
plusieurs
49%
ramènerai
49%
qui
47%
fond
46%
l'or
46%
ruisseaux
45%
trouve
45%
pays
44%
mer
40%
prétend
38%
cap
36%
Sur
33%
dos
31%
fait
31%
Aucun quiz correspondant
Distribution des résultats
% des personnes avec chaque résultat
Percentile par nombre de réponses
Votre historique - résultats
Vous n’avez pas pris ce quiz